| 000 | 00411nam a22001217a 4500 | ||
|---|---|---|---|
| 082 | _a200 THE | ||
| 100 |
_aAHMED RAZA TARIQ _915563 |
||
| 245 | _aTH-SOF-1116-AN INTEGRATED COMPUTATIONAL AND EXPERIMENTAL APPROACH FOR SELECTION OF AN OPTIMUM BULLET PROOF ARMOR | ||
| 260 |
_aIslamabad _bNUST College of EME _c2015 |
||
| 650 | _aMS-MECH-68 MSTHESIS | ||
| 700 | _aSupervison DR HASAN AFTAB SAEED | ||
| 942 | _cCF | ||
| 999 |
_c577224 _d577224 |
||